Conferencia Internacional de Relaciones Industriales /
Uloženo v:
| Korporativní autor: | |
|---|---|
| Médium: | Konferenční příspěvek Kniha |
| Jazyk: | španělština |
| Témata: | |
| Tagy: |
Žádné tagy, Buďte první, kdo vytvoří štítek k tomuto záznamu!
|
MARC
| LEADER | 00000nam^a2200000^a^4500 | ||
|---|---|---|---|
| 001 | 000165603 | ||
| 005 | 20250521000000.0 | ||
| 009 | 20260310101025.24 | ||
| 037 | |a Acervo ITESO - Biblioteca | ||
| 041 | |a ESP | ||
| 082 | |a 331. |b CON 1970 | ||
| 111 | |a Conferencia Internacional de Relaciones Industriales ( |n 1a : |d 1970 : |c México) | ||
| 245 | 1 | 0 | |a Conferencia Internacional de Relaciones Industriales / |
| 264 | |a México : |b editorial no identificada, |c 1970 | ||
| 300 | |a 1 v. (varias paginaciones) | ||
| 336 | |a texto |b txt |2 rdacontenido | ||
| 337 | |a sin mediación |b n |2 rdamedio | ||
| 338 | |a volumen |b nc |2 rdasoporte | ||
| 649 | |a XX | ||
| 650 | |a Relaciones Laborales - |x Congresos | ||
| 650 | |a Centralización y Descentralización - |z México | ||
| 650 | |a Desarrollo Urbano - |z México | ||
| 650 | |a Planeación Urbana | ||
| 650 | |a Urbanismo | ||
| 650 | |a Filosofía Empresarial | ||
| 650 | |a Desarrollo Organizacional | ||
| 650 | |a Recursos Humanos | ||
| 650 | |a Proceso Administrativo | ||
| 650 | |a Empresas - |z Colombia | ||
| 650 | |a Empresas - |z Costa Rica | ||
| 650 | |a Empresas - |z Perú | ||
| 650 | |a Empresas - |x Administración | ||
| 650 | |a Ciencias Administrativas | ||
| 650 | |a Explosión Demográfica | ||
| 650 | |a Empleo y Desempleo | ||
| 650 | |a Problemas Sociales | ||
| 650 | |a Desarrollo Tecnológico | ||
| 650 | |a Tecnología y Sociedad | ||
| 650 | |a Demografía | ||
| 650 | |a Sociología de la Economía | ||
| 650 | |a Planeación Económica | ||
| 650 | |a Relaciones Laborales - |z México | ||
| 650 | |a Industrialización - |z México | ||
| 650 | |a Economía - |z México - |x Historia - |y 1928-2000 | ||
| 650 | |a Economía - |z México - |x Historia - |y Siglo XX | ||
| 650 | |a Economía Laboral | ||
| 910 | |a Fondo General | ||
| 920 | |a Impresos - Libros | ||
| 930 | |a Colección General | ||
| 905 | |a 101 | ||
| 901 | |a 0500101231 |b IT1 |c ACC |u 20250521 | ||
| 902 | |a https://opac.biblio.iteso.mx/vufind/Record/000165603 | ||